000 01011nam a22002417a 4500
001 76142
003 BD-RjUL
005 20211209082811.0
008 191031s2020 bg ||||| |||| 00| 0 ben d
020 _a9789849230311
035 _a(BD-RjUL)76363
040 _aBD-RjUL
_beng
_cBD-RjUL
041 _aeng
082 _223
_a954.9205
_bBAN 2020
245 _aবঙ্গবন্ধু :
_b৬ দফা থেকে স্বাধীনতা /
_cআনু মাহমুদ গ্রন্থিত ও সম্পাদিত
260 _aঢাকা :
_bআলেয়া বুক,
_c২০২০
300 _a৩০৪ পৃ. ;
_c২২ সেমি.
500 _aবঙ্গবন্ধুর জন্মশতবার্ষিক প্রকাশনা
600 _aমুজিবুর রহমান,
_cশেখ,
_d১৯২০-১৯৭৫
_9234348
600 _aMujibur Rahman,
_cSheikh,
_d1920-1975
_9234349
700 _aমাহমুদ, আনু
_9234350
942 _2ddc
_cBK
999 _c76142
_d76142